Sitcoms Named For Comedians Quiz Stats

Quiz Updated May 11, 2016

Challenge
Share
Tweet
Embed
Score 0/18 Timer 04:00
0 Plays Today
% Correct
Seinfeld
91.5%
Everybody Loves Raymond
89.4%
Roseanne
86.5%
The Drew Carey Show
83.2%
The George Burns and Gracie Allen Show
76.8%
The Mindy Project
72.8%
The Bob Newhart Show
67.8%
The Jack Benny Program
66.8%
Louie
63.9%
% Correct
The Bernie Mac Show
58.2%
Ellen
56.1%
Whitney
56%
It's Garry Shandling's Show
51.3%
George Lopez
50.4%
The Norm Show
38.8%
Titus
36.1%
The Hughleys
33.7%
Martin
31.2%

You're not logged in!

Compare scores with friends on all Sporcle quizzes.
Join for Free
OR
Log In

You Might Also Like...

Show Comments

Extras

Top Quizzes Today


Score Distribution

Your Account Isn't Verified!

In order to create a playlist on Sporcle, you need to verify the email address you used during registration. Go to your Sporcle Settings to finish the process.

Report this User

Report this user for behavior that violates our Community Guidelines.

Details: